|
|
|
|
| LEADER |
01697nam a2200421 a 4500 |
| 001 |
EBC840670 |
| 003 |
MiAaPQ |
| 005 |
20200520144314.0 |
| 006 |
m o d | |
| 007 |
cr cn||||||||| |
| 008 |
110407s2011 njua sb 010 0 eng d |
| 010 |
|
|
|z 2011014104
|
| 020 |
|
|
|z 9814340367
|
| 020 |
|
|
|z 9789814340366
|
| 020 |
|
|
|a 9789814340373 (electronic bk.)
|
| 035 |
|
|
|a (MiAaPQ)EBC840670
|
| 035 |
|
|
|a (Au-PeEL)EBL840670
|
| 035 |
|
|
|a (CaPaEBR)ebr10524600
|
| 035 |
|
|
|a (CaONFJC)MIL355535
|
| 035 |
|
|
|a (OCoLC)858228209
|
| 040 |
|
|
|a MiAaPQ
|c MiAaPQ
|d MiAaPQ
|
| 050 |
|
4 |
|a HF1379
|b .C6556 2011
|
| 082 |
0 |
4 |
|a 382
|2 22
|
| 245 |
0 |
0 |
|a Comparative advantage, growth, and the gains from trade and globalization
|h [electronic resource] :
|b a festschrift in honor of Alan V. Deardorff /
|c edited by Robert M. Stern.
|
| 260 |
|
|
|a New Jersey :
|b World Scientific,
|c c2011.
|
| 300 |
|
|
|a xiv, 697 p. :
|b ill.
|
| 490 |
1 |
|
|a World scientific studies in international economics, 1793-3641 ;
|v v. 16
|
| 504 |
|
|
|a Includes bibliographical references.
|
| 533 |
|
|
|a Electronic reproduction. Ann Arbor, MI : ProQuest, 2015. Available via World Wide Web. Access may be limited to ProQuest affiliated libraries.
|
| 650 |
|
0 |
|a International trade.
|
| 650 |
|
0 |
|a Comparative advantage (International trade)
|
| 650 |
|
0 |
|a Globalization
|x Economic aspects.
|
| 655 |
|
4 |
|a Electronic books.
|
| 700 |
1 |
|
|a Deardorff, Alan V.
|
| 700 |
1 |
|
|a Stern, Robert M.
|q (Robert Mitchell),
|d 1927-
|
| 710 |
2 |
|
|a ProQuest (Firm)
|
| 830 |
|
0 |
|a World scientific studies in international economics, 1793-3641 ;
|v v. 16.
|
| 856 |
4 |
0 |
|u https://ebookcentral.proquest.com/lib/matrademy/detail.action?docID=840670
|z Click to View
|